The urbane view : life and politics in metropolitan America
Saved in:
| Main Author: | |
|---|---|
| Format: | Book |
| Language: | English |
| Published: |
New York :
Oxford University Press,
1972
|
| Subjects: | |
| Tags: |
Add Tag
No Tags, Be the first to tag this record!
|
MARC
| LEADER | 00000cam a2200000 i 4500 | ||
|---|---|---|---|
| 001 | 1/7081 | ||
| 008 | 000619s1972 eng d | ||
| 035 | |l 10062158 | ||
| 040 | |a GR-MY-UA |b gre |e aacr | ||
| 041 | 0 | |a eng | |
| 082 | 0 | |a 307.760973 | |
| 100 | 1 | |a Greer, Scott A. | |
| 245 | 1 | 4 | |a The urbane view : |b life and politics in metropolitan America / |c Scott Greer |
| 260 | |a New York : |b Oxford University Press, |c 1972 | ||
| 300 | |a x, 355 p. | ||
| 504 | |a Includes bibliographical references | ||
| 650 | 0 | 0 | |a Sociology, Urban |x Case studies. |
| 650 | 0 | 0 | |a Urbanization |z United States |x Case studies. |
| 650 | 0 | 0 | |a Urbanization |z California |z Los Angeles. |
| 650 | 0 | 0 | |a Urbanization |z Missouri |z St. Louis. |
| 852 | |a INST |b LESVOS |e 20000619 |h 307.760973 GRE |p 005100020869 |q 005100020869 |t BK |y 0 | ||
| 909 | |a Λ |b 072919 | ||
| 970 | |z 2000/06/ΟΙΚΟΝΟΜΟΠΟΥΛΟΥ ΧΡΙΣΤΙΝΑ | ||